Feasibility study establishing sumanella in Montalban Town Center, Rodriguez Rizal/ (Record no. 78027)
[ view plain ]
| 000 -LEADER | |
|---|---|
| fixed length control field | 03203nam a22002777a 4500 |
| 003 - CONTROL NUMBER IDENTIFIER | |
| control field | URS |
| 005 - DATE AND TIME OF LATEST TRANSACTION | |
| control field | 20240416181812.0 |
| 008 - FIXED-LENGTH DATA ELEMENTS--GENERAL INFORMATION | |
| fixed length control field | 240401b |||||||| |||| 00| 0 eng d |
| 050 00 - LIBRARY OF CONGRESS CALL NUMBER | |
| Classification number | LG221.R59 B182 |
| Item number | 2015 |
| 100 1# - MAIN ENTRY--PERSONAL NAME | |
| Personal name | Balane, Gary S. |
| Relator term | Researcher |
| 245 10 - TITLE STATEMENT | |
| Title | Feasibility study establishing sumanella in Montalban Town Center, Rodriguez Rizal/ |
| Statement of responsibility, etc. | Gary S. Balane, Hanilyn L. Gomez, [and] Noime Grace P. Pahilanga |
| 264 #1 - PRODUCTION, PUBLICATION, DISTRIBUTION, MANUFACTURE, AND COPYRIGHT NOTICE | |
| Date of production, publication, distribution, manufacture, or copyright notice | 2015 |
| 300 ## - PHYSICAL DESCRIPTION | |
| Extent | xii, 115 leaves |
| Other physical details | illustrations |
| Dimensions | 28 cm |
| 336 ## - CONTENT TYPE | |
| Source | text |
| Content type term | rdacontent |
| 337 ## - MEDIA TYPE | |
| Source | rdamedia |
| Media type term | unmediated |
| 338 ## - CARRIER TYPE | |
| Source | rdacarrier |
| Carrier type term | volume |
| 502 ## - DISSERTATION NOTE | |
| Dissertation note | undergraduate thesis |
| Degree type | Bachelor of Science in Business Administration major in Marketing Management |
| Name of granting institution | University of Rizal System, Rodriguez, Rizal |
| Year degree granted | 2015 |
| 520 ## - SUMMARY, ETC. | |
| Summary, etc. | Philippine cuisine had its simple and humble beginnings in the distant past. Long, long before the Spaniards reached our shores in search of spices and new lands to conquer, our people had already established contact with foreigners. The Malaysians, Indonesians, Arabians, Indians and Chinese used to come to our shores to barter their goods and products with our own produce. This was the precursor to our present foreign trade. (Philippine Fiesta Recipe, Leonardo R. Belmonte) A. Name of the Project The business will be known as "Sumanella" which comes from combining SUMAN and PAELLA Sumanis made up of sticky rice or made up of cassava and appearance of it is just plain wrapped with the leaves of banana. It is a traditional FILIPINO KAKANIN, because of its good taste that everyone can't resist to eat while paella is a Spanish dish of rice, meat, seafood's, vegetables and spices. It is originated in its modern form in the mid-century near Lake Albufera, a lagoon in Valencia on the east cost of Spain. Spaniards view it as one of their country's national dishes. B. Type of Business Organization The proponents agreed to form a PARTNERSHIP A PARTNERSHIP is a type of business organization in which two or more individual's pool money, skills, and other resources, and share profit and loss in accordance with terms of partnership agreement. A partnership is assumed to exit where the participants I an enterprise agree to share the associated risks and reward proportionately Each partner shares directly in the organizations profits and shares control of the business operation C. Location of the Project The Proponents agreed that business will be established in Montalban Town Center (MTC), Rodriguez Rizal. The Proponents decided to bring the products in malls because in the first place there is no such kind of native delicacy that established there. Therefore, the business is the first establishment in MTC and it is best location for the business, especially there is a tourist spot "avilon zoo 3.6 kilometers away from MTC. The tourists are one of the target buyer or customer. |
| 650 ## - SUBJECT ADDED ENTRY--TOPICAL TERM | |
| Source of heading or term | sumanella |
| 700 ## - ADDED ENTRY--PERSONAL NAME | |
| Personal name | Balane, Gary S. |
| Relator term | Researcher |
| 700 ## - ADDED ENTRY--PERSONAL NAME | |
| Personal name | Gomez, Hanilyn L. |
| Relator term | Researcher |
| 700 ## - ADDED ENTRY--PERSONAL NAME | |
| Personal name | Pahilanga, Noime Grace P. |
| Relator term | Researcher |
| 700 ## - ADDED ENTRY--PERSONAL NAME | |
| Personal name | Mercado, Jennelyn G. |
| Relator term | Mentor |
| 856 ## - ELECTRONIC LOCATION AND ACCESS | |
| Materials specified | Online Request for Student Unpublished Works |
| Uniform Resource Identifier | <a href="https://forms.gle/7LqvGGkaDrUQqz429">https://forms.gle/7LqvGGkaDrUQqz429</a> |
| 942 ## - ADDED ENTRY ELEMENTS (KOHA) | |
| Source of classification or shelving scheme | Library of Congress Classification |
| Koha item type | Theses and dissertations |
No items available.